LEADER 00991nam0-22002891i-450- 001 990007991270403321 005 20050125121636.0 035 $a000799127 035 $aFED01000799127 035 $a(Aleph)000799127FED01 035 $a000799127 100 $a20050125d1999----km-y0itay50------ba 101 0 $aita 200 1 $aAnalisi estudi di settore per il il progetto di Piano Territoriale di coordinamento provinciale$eLarete ecologica della provincia di Milano$fS. Malcevschi 210 $aMilano$cFranco Angeli$d1999 215 $a135 p.$d29 cm 225 1 $aQuaderno del piano per l'area metropolitana Milanese$v4 300 $aBibl. Ing. Sanitaria 610 0 $aEcologia 700 1$aMalcevschi,$bSergio$011310 801 0$aIT$bUNINA$2UNIMARC$gRICA 901 $aBK 912 $a990007991270403321 952 $aG/5-17$fDINID 959 $aDINID 996 $aAnalisi estudi di settore per il il progetto di Piano Territoriale di coordinamento provinciale$9751974 997 $aUNINA LEADER 00777nam0-22002891i-450- 001 990003304900403321 005 20001010 035 $a000330490 035 $aFED01000330490 035 $a(Aleph)000330490FED01 035 $a000330490 100 $a20001010d--------km-y0itay50------ba 101 0 $aita 105 $ay-------001yy 200 1 $aTANCRED OR THE NEW CRUSADE 210 $aLONDON$cGREENWOOD PRESS$d1970 610 0 $aLetteratura 676 $a044 700 1$aDisraeli,$bBenjamin$c$0188880 801 0$aIT$bUNINA$gRICA$2UNIMARC 901 $aBK 912 $a990003304900403321 952 $a044 BEA$bLINGUE 2102$fDECLI 959 $aDECLI 996 $aTANCRED OR THE NEW CRUSADE$9446499 997 $aUNINA DB $aING01 LEADER 03346nam 22005293 450 001 9910888062603321 005 20251116150532.0 010 $a9783428574582 010 $a3428574583 035 $a(CKB)5700000000103392 035 $a(MiAaPQ)EBC7101376 035 $a(Au-PeEL)EBL7101376 035 $a(OCoLC)1347026251 035 $a(Exl-AI)7101376 035 $a(EXLCZ)995700000000103392 100 $a20221219d2022 uy 0 101 0 $ager 135 $aurcnu|||||||| 181 $ctxt$2rdacontent 182 $cc$2rdamedia 183 $acr$2rdacarrier 200 14$aDie Konsumvereinsbewegung in Großbritannien $eUntersuchungen über Konsumvereine. Hrsg. Von Hugo Thiel - Robert Wilbrandt. Die Konsumvereinsbewegung in Den Einzelnen ländern. Erster Teil. (Schriften des Vereins Für Sozialpolitik 150-I) 205 $a1st ed. 210 1$aBerlin :$cDuncker & Humblot,$d2022. 210 4$d©1915. 215 $a1 online resource (253 pages) 225 1 $aDuncker & Humblot reprints 311 08$a9783428174584 311 08$a3428174585 327 $aVorwort der Herausgeber -- Herrn Professor Dr. Ernst Francke in Dankbarkeit und Verehrung -- Inhaltsverzeichnis -- Vorbemerkung des Verfassers -- Historische Einleitung -- Die ersten Versuche -- Der Aufschwung von 1828?1832 -- Die Rochdaler Pioniere -- Die christlichen Sozialisten -- Die Gründung der C. W. C. -- Die Gründerjahre -- Der Genossenschaftsbund und die Gewinnbeteiligung -- Die heutige Bewegung -- I. Die genossenschaftliche Organisation der Konsumvereine -- Mitgliederzahl -- Geschäftsantei -- Versammlung -- Leitung -- Agitation -- Revision -- Austritt -- Auflösung -- Die Besteuerung der Konsumvereine -- II. Die geschäftliche Organisation der Konsumvereine -- A. Lebens- und Genußmittel -- Kolonialwarenladen -- Lieferung ins Haus -- Personal -- Manko -- Bäckerei$7Generated by AI. 330 $aThis book, part of a series published by the Verein für Sozialpolitik, addresses the organization of consumption and its significance in social policy. It originates from a proposal made in 1911 to investigate consumer organizations, highlighting their underappreciated importance in Germany. The work delves into the development and current state of consumption organizations across various countries, examining legal, economic, and social aspects. It aims to provide a comprehensive analysis of consumer cooperatives, their financial foundations, legal frameworks, and social impacts. The book targets academics, policymakers, and practitioners interested in social policy, economics, and cooperative movements.$7Generated by AI. 410 0$aDuncker & Humblot reprints 517 $aKonsumvereinsbewegung in Großbritannien 606 $aConsumer cooperatives$7Generated by AI 606 $aSocial policy$7Generated by AI 615 0$aConsumer cooperatives 615 0$aSocial policy 700 $aThiel$b Hugo$01771896 701 $aWilbrandt$b Robert$01771897 701 $aCassau$b Theodor O$01771904 801 0$bMiAaPQ 801 1$bMiAaPQ 801 2$bMiAaPQ 906 $aBOOK 912 $a9910888062603321 996 $aDie Konsumvereinsbewegung in Großbritannien$94266879 997 $aUNINA